| 000 | 00863nab a2200253 u 4500 | ||
|---|---|---|---|
| 001 | 12905 | ||
| 003 | HDC | ||
| 007 | cr bn ---aaaaa | ||
| 008 | 210211c my dr|nes 0 may d | ||
| 040 | _aHDC | ||
| 100 |
_aNazli Ibrahim, _eauthor _913744 |
||
| 245 | 0 |
_aPermohonan sijil halal di Selangor paling menggalakkan / _cby Nazli Ibrahim |
|
| 260 |
_a[no place] : _b[publisher not identified], _c[no year] |
||
| 336 |
_atext _2rdacontent |
||
| 337 |
_acomputer _2rdamedia |
||
| 338 |
_aonline resource _2rdacarrier |
||
| 650 |
_aHalal certificate _9482 |
||
| 650 |
_aHalal food industry _9128 |
||
| 710 | _aSelangor Kini | ||
| 856 | _zRequest full-text at [email protected] | ||
| 942 | _2lcc | ||
| 942 | _cNEWS | ||
| 942 | _kNWSO 002739 | ||
| 999 |
_c10221 _d10221 |
||